Statistiche per Città importanti nella storia europea

Clicka qui per fare il quiz!

Statistiche generali

  • Questo quiz è stato fatto 5.072 volte
  • Il punteggio medio è 14 su 20

Statistiche sulle risposte

DescrizioneCittà% Corretto
Capitale di un importante repubblica e poi di un impero, tra i suoi leader vi fu Giulio CesareRoma
99%
"Luogo di nascita della democrazia", diede i natali a Socrate e PlatoneAtene
97%
Città del Rinascimento italiano, fu guidata dalla famiglia de MediciFirenze
96%
Città italiana situata in una laguna, un tempo importante repubblica marinaraVenezia
96%
Repubblica marinara italiana che diede i natali a Cristoforo ColomboGenova
94%
Capitale dell'impero asburgico e importante città del mondo della musica classicaVienna
90%
Capitale dell'Impero BizantinoCostantinopoli
89%
Città che vinse la precedente nelle guerre del PeloponnesoSparta
88%
Fu capitale della RussiaSan Pietroburgo
80%
Città sconfitta nelle guerre punicheCartagine
76%
Città dove fu assassinato l'arciduca Francesco FerdinandoSarajevo
71%
Paese del Belgio dove Napoleone fu sconfittoWaterloo
69%
Città francese che fu sede papaleAvignone
67%
In questa città Hitler tentò la rivoluzioneMonaco
53%
Le defenestrazioni in questa città portarono alla Guerra dei Trent'anniPraga
53%
Città dove si tenne l'ultima battaglia dell'Asse su territorio russoStalingrado
52%
Capitale dell'ultimo califfato in Spagna, è stata "riconquistata" nel 1492Granada
45%
La città più industrializzata nel primo ottocentoManchester
45%
Città natale dell'eroe dei due mondi Giuseppe GaribaldiNizza
43%
Città sede della Chiesa Anglicana, qui il vescovo Thomas Becket fu ucciso da Enrico IICanterbury
35%

Distribuzione punteggi

Percentile per numero di risposta

Percentuale di utenti per punteggio

I tuoi punteggi nel tempo

Non hai fatto questo quiz